<?xml version="1.0" encoding="UTF-8"?><?xml-stylesheet type="text/xsl" href="static/style.xsl"?><OAI-PMH xmlns="http://www.openarchives.org/OAI/2.0/" xmlns:xsi="http://www.w3.org/2001/XMLSchema-instance" xsi:schemaLocation="http://www.openarchives.org/OAI/2.0/ http://www.openarchives.org/OAI/2.0/OAI-PMH.xsd"><responseDate>2026-04-17T11:50:42Z</responseDate><request verb="GetRecord" identifier="oai:www.recercat.cat:2072/468631" metadataPrefix="marc">https://recercat.cat/oai/request</request><GetRecord><record><header><identifier>oai:recercat.cat:2072/468631</identifier><datestamp>2026-03-28T08:44:18Z</datestamp><setSpec>com_2072_98</setSpec><setSpec>col_2072_378192</setSpec></header><metadata><record xmlns="http://www.loc.gov/MARC21/slim" xmlns:dcterms="http://purl.org/dc/terms/" xmlns:xsi="http://www.w3.org/2001/XMLSchema-instance" xmlns:doc="http://www.lyncode.com/xoai" xsi:schemaLocation="http://www.loc.gov/MARC21/slim http://www.loc.gov/standards/marcxml/schema/MARC21slim.xsd">
   <leader>00925njm 22002777a 4500</leader>
   <datafield ind2=" " ind1=" " tag="042">
      <subfield code="a">dc</subfield>
   </datafield>
   <datafield ind2=" " ind1=" " tag="720">
      <subfield code="a">Ejarque, Daniel</subfield>
      <subfield code="e">author</subfield>
   </datafield>
   <datafield ind2=" " ind1=" " tag="720">
      <subfield code="a">Sánchez Férez, Francisco</subfield>
      <subfield code="e">author</subfield>
   </datafield>
   <datafield ind2=" " ind1=" " tag="720">
      <subfield code="a">Félez-Guerrero, Núria</subfield>
      <subfield code="e">author</subfield>
   </datafield>
   <datafield ind2=" " ind1=" " tag="720">
      <subfield code="a">Calvet, Teresa</subfield>
      <subfield code="e">author</subfield>
   </datafield>
   <datafield ind2=" " ind1=" " tag="720">
      <subfield code="a">Font-Bardia, Mercè</subfield>
      <subfield code="e">author</subfield>
   </datafield>
   <datafield ind2=" " ind1=" " tag="720">
      <subfield code="a">Pons Picart, Josefina</subfield>
      <subfield code="e">author</subfield>
   </datafield>
   <datafield ind2=" " ind1=" " tag="260">
      <subfield code="c">2023</subfield>
   </datafield>
   <datafield ind2=" " ind1=" " tag="520">
      <subfield code="a">Altres ajuts: acords transformatius de la UAB</subfield>
   </datafield>
   <datafield ind2=" " ind1=" " tag="520">
      <subfield code="a">Understanding the factors governing the self-assembly of organic ligands with metal ions is essential to engineering target molecular arrangements with the desired properties. Indeed, small modifications of the synthetic conditions lead to the obtention of different complexes, varying from discrete monomers to coordination polymers (CPs). Based on the potential coordinating ability of 2-furoic acid (2-FA), we prepared five Zn(II) and Cd(II) complexes to study the behavior of the furane O atom and the competitiveness of the M-O bond formation in methanol (MeOH). Reactions between M(OAc)2·2H2O (M = Zn(II), Cd(II)), 2-FA, and two p-substituted pyridine ligands (isonicotinamide (Isn) and 4-acetylpyridine (4-Acpy)) in MeOH yielded the two dimers [Zn(μ-2-FA)(2-FA)(Isn)2]2 (1) and [Cd(μ-2-FA)(2-FA)(Isn)2]2 (2), the dimeric paddle-wheel [Zn(μ-2-FA)2(4-Acpy)]2 (3), and the monomer [Cd(2-FA)2(4-Acpy)2(OH2)] (4). Their crystal structures have been studied, observing diverse coordination numbers between five and seven and diverse coordination modes of the carboxylate groups. Interestingly, the recrystallization of 4 in acetonitrile (ACN) resulted in a dissolution-recrystallization structural transformation (DRST), leading to an intricate coordination polymer (CP) with the formula {[Cd(μ-2-FA)(2-FA)(OH2)2]n[Cd(μ-2-FA)(2-FA)(4-Acpy)(OH2)]n} (5) exhibiting coordination of the furane O atom. Within this collection of arrangements, 2-FA displayed a great diversity of coordination modes that were combined and interchanged in the DRST process. Their photophysical properties in solution have been analyzed and their quantum yields calculated. Likewise, further insight into the DRST process was obtained from fluorescence measurements. From these results, a pathway for the structural transformation highlighting the crucial role of solvents has been proposed.</subfield>
   </datafield>
   <datafield ind2="0" ind1="0" tag="245">
      <subfield code="a">Pyridine-driven assembly of Zn(II) and Cd(II) complexes with 2-furoic acid. The role of water in a structural transformation</subfield>
   </datafield>
</record></metadata></record></GetRecord></OAI-PMH>